أمراض الكبد في المملكة العربية السعودية / (رقم التسجيلة. 93093)

تفاصيل مارك
000 -LEADER
fixed length control field 00583nam a22001817a 4500
005 - DATE AND TIME OF LATEST TRANSACTION
control field 20251108172954.0
008 - FIXED-LENGTH DATA ELEMENTS--GENERAL INFORMATION
fixed length control field 250721s1424 xx 000 0 ara d
082 14 - DEWEY DECIMAL CLASSIFICATION NUMBER
Classification number 616.362/فال
100 1# - MAIN ENTRY--PERSONAL NAME
Personal name الفالح، فالح بن زيد
245 10 - TITLE STATEMENT
Title أمراض الكبد في المملكة العربية السعودية /
264 1# - PRODUCTION, PUBLICATION, DISTRIBUTION, MANUFACTURE, AND COPYRIGHT NOTICE
Place of production, publication, distribution, manufacture الرياض :
Name of producer, publisher, distributor, manufacturer مؤسسة اليمامة الصحفية،
Date of production, publication, distribution, manufacture, or copyright notice 1424هـ.
300 ## - PHYSICAL DESCRIPTION
Extent 104 ص
490 0# - SERIES STATEMENT
Series statement كتاب الرياض
Volume/sequential designation 116
650 17 - SUBJECT ADDED ENTRY--TOPICAL TERM
Topical term or geographic name as entry element أمراض الكبد
650 17 - SUBJECT ADDED ENTRY--TOPICAL TERM
Topical term or geographic name as entry element السعودية
942 ## - ADDED ENTRY ELEMENTS (KOHA)
Source of classification or shelving scheme Dewey Decimal Classification
Koha item type كتب
المقتنيات
حالة السحب حالة الفقدان مصدر التصنيف حالة التلف غير قابل للإعارة المكتبة الرئيسية المكتبة الحالية موقع الرف تاريخ التزويد الرقم المتسلسل Total Checkouts رقم الإستدعاء الباركود تاريخ آخر ظهور تاريخ الفاتورة نوع المادة (كوها)
    Dewey Decimal Classification     المكتبة المركزية المكتبة المركزية الإعارة 28/07/2025 816960   616.362/فال 816960 28/07/2025 28/07/2025 كتب
Implemented & Customized by: BBB with SCIT (Smart Chains for Information Technology)

Powered by Koha